| 000 | 01987cam a22004574i 4500 | ||
|---|---|---|---|
| 003 | PE-LiUPU | ||
| 005 | 20250731165411.0 | ||
| 008 | 151022s2002 pe a grm 000 0 spa d | ||
| 035 | _a(Sirsi) a155051 | ||
| 040 |
_aPE-LiUPU _bspa _cPE-LiUPU _erda |
||
| 099 |
_aTEF 2 _bT62 2002 |
||
| 100 | 1 |
_aTito Hermitaño, Magdieli _eautor |
|
| 245 | 1 |
_aSistema de vigilancia e intoxicación por plaguicidas en el Valle Chillón, durante el año 2002 / _cMagdieli Tito Hermitaño. |
|
| 264 | 0 | _c2002. | |
| 300 |
_a93 hojas _c30 cm |
||
| 336 |
_atext _2rdacontent |
||
| 337 |
_aunmediated _2rdamedia |
||
| 338 |
_avolume _2rdacarrier |
||
| 502 |
_aTesis _b(Lic.) -- _cUniversidad Peruana Unión, _d2002. |
||
| 504 | _aIncluye referencias | ||
| 520 | 3 | _aDesde la década del 40, el control de las diversas plagas se ha basado esencialmente en la utilización masiva de los plaguicidas; lo cual ha permitido la eliminación de muchas de ellas tanto en el área agrícola como sanitaria. Si bien esto ha traído beneficios para la población, el uso de estos tóxicos ha provocado importantes problemas en la salud así como la contaminación creciente del medio ambiente. Los plaguicidas son productos químicos de amplio uso en el Perú, están incorporadas en actividades de salud pública en l agroindustria, entre otros siendo el sector agrícola donde estas sustancias presentan mayor utilización. | |
| 526 | _aSEG44 | ||
| 526 | _aSEG26 | ||
| 526 | _aP151 | ||
| 526 | _aP150 | ||
| 526 | _aP149 | ||
| 526 | _aP146 | ||
| 526 | _aP145 | ||
| 526 | _aP126 | ||
| 526 | _aP125 | ||
| 526 | _aP92 | ||
| 526 | _aP75 | ||
| 526 | _aP74 | ||
| 526 | _aP27 | ||
| 526 | _aP15 | ||
| 650 | 0 | 4 |
_aPesticidas _xMedidas de seguridad. |
| 650 | 0 | 4 | _aIntoxicación por pesticidas. |
| 596 | _a1 | ||
| 942 |
_2ddc _cTESIS |
||
| 999 |
_aTEF 2 T62 2002 _wALPHANUM _c7743 _iT00333 _lCCODEBUL3 _mBUL _r1 _sY _tTESIS _u2015-10-22 _xSALUD _PP22 _o.STAFF. Tesis _d7743 |
||
| 980 |
_81 _gALBERTO SANCHEZ Responsable de Automatización |
||